Giáo trình thực hành sinh học tế bào
Giới thiệu 12 bài thí nghiệm thực hành sinh học tế bào. Một số bài tập tình huống thí nghiệm và thí nghiệm nâng cao. Phương pháp pha chế một số dung dịch hoá chất thường dùng trong thực hành sinh học tế bào
Gorde:
| Egile nagusia: | |
|---|---|
| Formatua: | Liburua |
| Hizkuntza: | Vietnamese |
| Argitaratua: |
H.
Đại học Sư phạm
2016
|
| Gaiak: | |
| Etiketak: |
Etiketa erantsi
Etiketarik gabe, Izan zaitez lehena erregistro honi etiketa jartzen!
|
| Thư viện lưu trữ: | Mạng thư viện Đại học Đà Nẵng |
|---|
| LEADER | 01407nam a2200349 4500 | ||
|---|---|---|---|
| 001 | 000025191 | ||
| 003 | 21684 | ||
| 005 | 20170525140523.0 | ||
| 008 | 170525s2016 viesd | ||
| 020 | |c 39000 | ||
| 041 | 0 | |a vie | |
| 082 | 1 | 4 | |a 571.6 |b NG-V |
| 100 | 1 | |a Nguyễn Xuân Viết | |
| 245 | 1 | 0 | |a Giáo trình thực hành sinh học tế bào |c Nguyễn Xuân Viết |
| 260 | |a H. |b Đại học Sư phạm |c 2016 | ||
| 300 | |a 120 tr. |b minh họa |c 24 cm. | ||
| 504 | |a Thư mục: tr. 119 | ||
| 520 | 3 | |a Giới thiệu 12 bài thí nghiệm thực hành sinh học tế bào. Một số bài tập tình huống thí nghiệm và thí nghiệm nâng cao. Phương pháp pha chế một số dung dịch hoá chất thường dùng trong thực hành sinh học tế bào | |
| 650 | 0 | 4 | |a Sinh học tế bào |v Giáo trình |x Học hỏi và giảng dạy |
| 653 | |a Sinh học tế bào | ||
| 653 | |a Giáo trình | ||
| 653 | |a Thực hành | ||
| OWN | |a LSP | ||
| AVA | |a UDN50 |b LSP |d 571.6 NG-V |e check_holdings |t Error 5003 Not defined in file expand_doc_bib_avail. |h N |k 1 | ||
| 999 | |a From the UDN01 | ||
| AVA | |a UDN50 |b LSP |d 571.6 NG-V |e available |t Error 5001 Not defined in file expand_doc_bib_avail. |f 30 |g 1 |h N |i 3 |k 1 | ||
| TYP | |a Monograph | ||
| TYP | |a Printed language | ||
| 980 | |a Mạng thư viện Đại học Đà Nẵng | ||